000 01235cam a22003018a 4500
001 14268203
005 20060810202659.0
008 060216s2006 enk 000 0 eng
010 _a 2006005678
020 _a0415370531 (hardback : alk. paper)
020 _a041537054X (pbk. : alk. paper)
040 _aDLC
_cDLC
_dDLC
042 _apcc
050 0 0 _aTA645
_b.M385 2006
082 0 0 _a624.171
_222
_bMCK
100 1 _aMcKenzie, W. M. C.
_q(William M. C.).
_94274
245 1 0 _aExamples in structural analysis /
_cWilliam M. C. McKenzie.
260 _aLondon ;
_aNew York :
_bTaylor & Francis,
_cc2006.
263 _a0607
300 _a707 p:
_bill;
_c25 cm.
500 _aIncludes Index.
650 0 _aStructural analysis (Engineering)
_94275
856 4 1 _3Table of contents only
_uhttp://www.loc.gov/catdir/toc/ecip069/2006005678.html
856 4 2 _3Publisher description
_uhttp://www.loc.gov/catdir/enhancements/fy0654/2006005678-d.html
942 _2ddc
_cBB
999 _c11429
_d11429